"Mafián" mu zlomil krčnú chrbticu, ale karfioly mu na ušiach nevyrástli : tréner voľnoštýliarov košickej Lokomotívy Juraj Dancák by pristal na darček k päťdesiatke od syna z Budapešti

Podrobná bibliografia
Hlavní autori: Matia, Bohuš (Author), Dancák, Juraj (Interviewer)
Médium: Článok
Jazyk:Slovak
Témy:
Zdroj: 1. Košický večer. Korzár 1. 1336-5320 1. Roč. 16 (37), č. 23 (2005), s. 13
LEADER 01100nab#a2200337#ar4500
001 000053521
003 SVKKK
005 20050722093443.0
008 050331c2005 xo e slo
FMT
038 |a SVKKK 
040 |a SVKKK  |b slo  |e AACR2 
041 0 |a slo 
044 |a xo  |c SK 
080 |a 796.81  |2 1997 
080 |a 929 Dancák, Juraj  |2 1997 
100 1 |a Matia, Bohuš  |4 aut  |4 ivr 
245 1 0 |a "Mafián" mu zlomil krčnú chrbticu, ale karfioly mu na ušiach nevyrástli :  |b tréner voľnoštýliarov košickej Lokomotívy Juraj Dancák by pristal na darček k päťdesiatke od syna z Budapešti  |c Bohuš Matia 
300 |b Fotogr. 
600 1 4 |a Dancák, Juraj,  |d ?,  |x zápasník bývalý, tréner  |z Košice (Slovensko)  |x rodák a pôsobenie  |x rozhovory profilové 
650 0 4 |a zápasenie  |z Košice (Slovensko)  |x dejiny 
700 1 |a Dancák, Juraj  |4 aut  |4 ive 
773 0 |t Košický večer. Korzár  |x 1336-5320  |g Roč. 16 (37), č. 23 (2005), s. 13 
957 |a 802 
958 |a K1 
974 |a Čr 
992 |a RBX 
BAS
852 |a SVKKK  |b BIB 
EXP
998 |a REG